| 000 | 00952cam a2200301 a 4500 | ||
|---|---|---|---|
| 001 | 17351 | ||
| 003 | BD-RjUL | ||
| 005 | 20211209000127.0 | ||
| 008 | 140216s1965 nyu b 001 0 eng d | ||
| 020 | _a0404034896 | ||
| 035 | _a(BD-RjUL)17409 | ||
| 035 | _a712300 | ||
| 040 |
_aANL _beng _cANL _dLC _dBD-RjUL |
||
| 041 | _aeng | ||
| 082 | 0 | 0 |
_a818.309 _bINE 1965 |
| 100 | 1 |
_aIngram, John H. _q(John Henry), _d1842-1916. _953470 |
|
| 245 | 1 | 0 |
_aEdgar Allan Poe, his life, letters, and opinions / _cby John H. Ingram. |
| 260 |
_aNew York : _bAMS Press, _c1965. |
||
| 300 |
_avii, 488 p. ; _c20 cm. |
||
| 500 | _aIncludes index. | ||
| 504 | _aBibliography: p. 474-479. and Index | ||
| 600 | 1 | 0 |
_aPoe, Edgar Allan, _d1809-1849. _953473 |
| 650 | 0 |
_aFantasy literature, American _xHistory and criticism. _953472 |
|
| 650 | 0 |
_aAuthors, American _y19th century _xBiography. _951773 |
|
| 942 |
_2ddc _cBK |
||
| 999 |
_c17351 _d17351 |
||